UBT Library

The Pediatric Clinics Of North America (Record no. 53796)

000 -LEADER
fixed length control field 00287nam a22001217a 4500
008 - FIXED-LENGTH DATA ELEMENTS--GENERAL INFORMATION
fixed length control field 181226b xxu||||| |||| 00| 0 eng d
041 ## - LANGUAGE CODE
Language code of text/sound track or separate title eng
080 ## - UNIVERSAL DECIMAL CLASSIFICATION NUMBER
Universal Decimal Classification number 616.055
100 ## - Rafti
Rafti 9
101 ## - Shkurtesa
Shkurtesa PED
245 ## - TITLE STATEMENT
Title The Pediatric Clinics Of North America
Statement of responsibility, etc Stephen.P.
942 ## - ADDED ENTRY ELEMENTS (KOHA)
Source of classification or shelving scheme
Item type Books
Holdings
Withdrawn status Lost status Source of classification or shelving scheme Damaged status Not for loan Collection code Permanent location Current location Shelving location Date acquired Total Checkouts Full call number Barcode Date last seen Price effective from Koha item type
          Koleksioni i përgjithshem UBT - Lipjan UBT - Lipjan Koleksioni i përgjithshem 12/26/2018   616.055 STE 002-3021612 12/26/2018 12/26/2018 Books
UBT Library © 2015-2024. All rights reserved University Education for Business and Technology